| 000 | 00436cam a2200181ua 4500 | ||
|---|---|---|---|
| 020 | _c7.00 | ||
| 041 |
_ahin _h |
||
| 082 |
_a891.43 _bNAG/DE |
||
| 100 | _aNagendra, . | ||
| 245 |
_aDev our unki kavitha / _cNagendra. _hTextual Documents |
||
| 250 |
_a3 / _b. |
||
| 260 |
_aNew Delhi : _bNational Publishing House , _c1960. |
||
| 300 | _a311 ; . | ||
| 365 | _a7.00 | ||
| 504 | _a | ||
| 942 | _cBK | ||
| 999 |
_c12243 _d12243 |
||